5HLuxD.jpg

KING HENRY VIII SENIOR AND PRIMARY SCHOOL LIBRARY OPAC

Ada Lovelace, poet of science : (Record no. 1979)

000 -LEADER
fixed length control field 01506cam a2200349 i 4500
001 - CONTROL NUMBER
control field 005601223
003 - CONTROL NUMBER IDENTIFIER
control field OSt
005 - DATE AND TIME OF LATEST TRANSACTION
control field 20230222104021.0
008 - FIXED-LENGTH DATA ELEMENTS--GENERAL INFORMATION
fixed length control field 190730s2016 nyua c 000 0beng d
020 ## - INTERNATIONAL STANDARD BOOK NUMBER
International Standard Book Number 9781481452496
Qualifying information (hbk.) :
040 ## - CATALOGING SOURCE
Original cataloging agency NJQ/DLC
Language of cataloging eng
Transcribing agency NCYU
Modifying agency NCYU
-- KH8
Description conventions aacr
042 ## - AUTHENTICATION CODE
Authentication code nbic
082 0# - DEWEY DECIMAL CLASSIFICATION NUMBER
Classification number 510.92 STA
100 1# - MAIN ENTRY--PERSONAL NAME
Personal name Stanley, Diane.
Relator term author
245 10 - TITLE STATEMENT
Title Ada Lovelace, poet of science :
Remainder of title the first computer programmer /
Statement of responsibility, etc. by Diane Stanley ; illustrated by Jessie Hartland.
246 30 - VARYING FORM OF TITLE
Title proper/short title First computer programmer.
250 ## - EDITION STATEMENT
Edition statement 1st ed.
260 ## - PUBLICATION, DISTRIBUTION, ETC.
Place of publication, distribution, etc. New York :
Name of publisher, distributor, etc. Simon & Schuster Books for Young Readers,
Date of publication, distribution, etc. c2016.
300 ## - PHYSICAL DESCRIPTION
Extent 1 v. (unpaged) :
Other physical details col. ill. ;
Dimensions 24 x 31 cm.
504 ## - BIBLIOGRAPHY, ETC. NOTE
Bibliography, etc. note Includes bibliographical references.
520 ## - SUMMARY, ETC.
Summary, etc. "A fascinating look at Ada Lovelace, the pioneering computer programmer and the daughter of the poet Lord Byron." --
Assigning source Provided by publisher.
521 1# - TARGET AUDIENCE NOTE
Target audience note Ages 4-8.
521 2# - TARGET AUDIENCE NOTE
Target audience note Grades K to 3.
600 10 - SUBJECT ADDED ENTRY--PERSONAL NAME
Personal name Lovelace, Ada King,
Titles and other words associated with a name Countess of,
Dates associated with a name 1815-1852
Form subdivision Juvenile literature.
600 10 - SUBJECT ADDED ENTRY--PERSONAL NAME
Personal name Babbage, Charles,
Dates associated with a name 1791-1871
Form subdivision Juvenile literature.
650 #0 - SUBJECT ADDED ENTRY--TOPICAL TERM
Topical term or geographic name entry element Women mathematicians
Geographic subdivision Great Britain
Form subdivision Biography
-- Juvenile literature.
650 #0 - SUBJECT ADDED ENTRY--TOPICAL TERM
Topical term or geographic name entry element Women computer programmers
Geographic subdivision Great Britain
Form subdivision Biography
-- Juvenile literature.
650 #0 - SUBJECT ADDED ENTRY--TOPICAL TERM
Topical term or geographic name entry element Mathematicians
Geographic subdivision Great Britain
Form subdivision Biography
-- Juvenile literature.
650 #0 - SUBJECT ADDED ENTRY--TOPICAL TERM
Topical term or geographic name entry element Computers
General subdivision History
Chronological subdivision 19th century
Form subdivision Juvenile literature.
700 1# - ADDED ENTRY--PERSONAL NAME
Personal name Hartland, Jessie.
Relator term illustrator
942 ## - ADDED ENTRY ELEMENTS (KOHA)
Source of classification or shelving scheme
Koha item type Books - Non Ficton
Holdings
Withdrawn status Lost status Source of classification or shelving scheme Damaged status Not for loan Collection code Permanent Location Current Location Shelving location Date acquired Total Checkouts Full call number Barcode Date last seen Date last checked out Price effective from Koha item type
          Non-Fiction KH8 Primary School Library KH8 Primary School Library Non Fiction 2023-02-22 7 510.92 STA KHPL000003690 2025-12-05 2024-05-17 2023-02-22 Books - Non Ficton

Powered By KH8 IT Dept